| 000 | 03844cam a2200277 i 4500 | ||
|---|---|---|---|
| 001 | 991107363456806196 | ||
| 005 | 20250707144057.0 | ||
| 008 | 231203s2024 gw a b 001 0 eng d | ||
| 020 |
_a9783111050591 _qpaperback |
||
| 035 | _a(OCoLC)1411300930 | ||
| 035 | _a(OCoLC)on1411300930 | ||
| 040 |
_aYDX _beng _erda _cYDX _dOCLCQ _dYDX |
||
| 041 | _aEnglish | ||
| 050 | 4 |
_aHD30.3 _b.M65 2024 |
|
| 100 |
_aMoldoveanu, Mihnea C., _eauthor. _925692 |
||
| 245 | 1 | 0 |
_aSoft skills _b: how to see, measure and build the skills that make us uniquely human _c/ Mihnea Moldoveanu. |
| 264 | 1 |
_aBerlin ; _aBoston : _bDe Gruyter, _c[2024] |
|
| 300 |
_axv, 220 pages : _billustrations (some color) ; _c25 cm |
||
| 504 | _aIncludes bibliographical references and index. | ||
| 505 | _a'Soft' Skills: A Trend, a Gap, an Opportunity — The Trend and the Gap: Demand for Soft Skills is Urge and Growing — The Value of Soft Skills: Why Do They Matter? — The Nature and Value of Soft Skills: A ‘Big’ Model — How Do We Measure and Evaluate Soft Skills? — The Message and the Messenger — Message: Intelligible — Message: Relevant — Message: Informative — Message: Efficient — Message: Auditable — Message: Persuasive — Message: Justified — Message: Valid — Messenger: Intelligible — Messenger: Fluent — Messenger: Coherent — Messenger: Consistent — Messenger: Sincere — Messenger: Competent — Messenger: Trustworthy — Messenger: Responsive — Distributedness and Interactivity: How Rubrics Can Generate Objective Assessments from Subjective Appraisals — De‑Noising and De‑Biasing via More Sophisticated Polls — Truth‑Pumping: Interactive Evaluations and Truth Serums — 'Meetings': Soft Skill Appraisal in Groups and Teams — The Sincerity‑Transparency‑Authenticity‑Validity Nexus — The Effectiveness‑Efficiency‑Actionability Nexus — The Inclusiveness‑Co‑operativeness‑Psychological‑Safety Nexus — Inter‑subjective Agreement and Meaningful Assessment in the Absence of Incontrovertibly Objective Measures — How Do We Develop Soft Skills? — Feedback: Essential Lever and Missing Link — Learning to Learn From Machines That Learn — The Personal Coaching Cloud and the Transparentocracy — Helping Executives Learn the Skills That Cannot Be Taught — Using Machines to Help People Become Better at Being Human — References — Bibliography: Additional References Consulted — Index. | ||
| 520 | _aAlthough communicative and relational skills are currently in the greatest demand in organizations large and small, we are as educators, executives, and talent developers very far away from the kind of precision in identifying, measuring, selecting and developing these skills that we have achieved with cognitive and technical skills. At the same time, the relentless automation of swaths of human tasks has placed a sharp light on the 'quintessentially human skills' - those that cannot and in some cases should not be subject to algorithmic automation. This book aims to 'change the soft skills game' by introducing language for identifying and describing them, ways of measuring the degree to which a person possesses them and selecting those who possess them in the utmost from those less skilled, and ways of helping students and executives alike develop them, through a methodology that has been designed and practiced for the past ten years. We need a 're-set' in the way we think about human skill and in particular the ways we think about those human skills which cannot be sub-contracted to an algorithm running on silicon. This book aims to provide that re-set. | ||
| 590 | _aIRHR copy signed by author | ||
| 650 | 0 |
_aCommunication in organizations _xStudy and teaching. |
|
| 650 | 0 |
_aSoft skills _925693 |
|
| 942 | _2lcc | ||
| 999 |
_c4835 _d4835 |
||